Effect of some agro-climatic factors on the growth of rubber(Hevea brasiliensis) in a humid and a dry sub-humid location (Record no. 51529)

MARC details
000 -LEADER
fixed length control field 00580nam a2200193Ia 4500
100 ## - MAIN ENTRY--AUTHOR NAME
Personal name Dey S.K.
245 #0 - TITLE STATEMENT
Title Effect of some agro-climatic factors on the growth of rubber(Hevea brasiliensis) in a humid and a dry sub-humid location
260 ## - PUBLICATION, DISTRIBUTION, ETC. (IMPRINT)
Name of publisher Indian Journal of Natural Rubber Research
Year of publication 1998
300 ## - PHYSICAL DESCRIPTION
Number of Pages 104-109
650 ## - SUBJECT ADDED ENTRY--TOPICAL TERM
Topical Term Agroclimate
650 ## - SUBJECT ADDED ENTRY--TOPICAL TERM
Topical Term Growth
700 ## - ADDED ENTRY--PERSONAL NAME
Personal name Chandrashekar T.R.
700 ## - ADDED ENTRY--PERSONAL NAME
Personal name Jacob J.[a]
700 ## - ADDED ENTRY--PERSONAL NAME
Personal name Nair D.B.
700 ## - ADDED ENTRY--PERSONAL NAME
Personal name Sethuraj M.R.
700 ## - ADDED ENTRY--PERSONAL NAME
Personal name Vijayakumar K.R.
942 ## - ADDED ENTRY ELEMENTS (KOHA)
Koha item type Bibliography STAF
Holdings
Withdrawn status Lost status Damaged status Not for loan Home library Current library Shelving location Date acquired Serial Enumeration / chronology Koha item type
      Bibliography RRII Library RRII Library Soils and agonomy 09/04/2014 Volume 11, Issue 1&2 Bibliography STAF